| 000 | 01233nam0a22002771 4500 | ||
|---|---|---|---|
| 001 | rc\716848 | ||
| 005 | 20250621224339.0 | ||
| 010 |
_a5-230-17309-2 _9250 |
||
| 035 | _a(NLR Aleph) 005960240 | ||
| 090 |
_a6843556 _c6843556 |
||
| 100 | _a20031121d1993 |||y0rusy50 ca | ||
| 101 | 0 | _arus | |
| 102 | _aRU | ||
| 105 | _aa ||||||||| | ||
| 200 | 1 |
_aИнформационные технологии в проектировании автоматизированных систем управления _eУчеб. пособие _fЛ.Я. Бухарбаева, Р.В. Насыров, А.И. Курдяшов _gМ-во науки, высш. шк. и техн. политики Рос. Федерации, Уфим. гос. авиац. техн. ун-т |
|
| 210 |
_aУфа _cУфим. гос. авиац. техн. ун-т _d1993 |
||
| 215 |
_a68 с. _cсхем. _d20 |
||
| 320 | _aБиблиогр.: с. 68 | ||
| 700 | 1 |
_aБухарбаева _bЛ.Я. _gЛилия Явдатовна |
|
| 701 | 1 |
_aНасыров _bР.В. _gРашит Вильевич |
|
| 701 | 1 |
_aКудряшов _bА.И. _gАндрей Иванович |
|
| 801 | 0 |
_aRU _bNLR _gpsbo |
|
| 801 | 1 |
_aRU _bELAR _2rusmarc |
|
| 852 |
_aNLR _j96-4/15905 |
||
| 942 | _cBOOK | ||
| 980 | _aNB | ||